header

Elia Kazan (Record no. 175931)

MARC details
000 -LEADER
fixed length control field 01429nam a2200373 a 4500
082 04 - DEWEY DECIMAL CLASSIFICATION NUMBER
Classification number 791.430233092
100 1# - MAIN ENTRY--AUTHOR NAME
Personal name Neve, Brian.
245 10 - TITLE STATEMENT
Title Elia Kazan
260 ## - PUBLICATION, DISTRIBUTION, ETC. (IMPRINT)
Place of publication London ;
-- New York :
Name of publisher I.B. Tauris ;
Place of publication New York :
Name of publisher Distributed in the USA by Palgrave Macmillan,
Year of publication 2009.
300 ## - PHYSICAL DESCRIPTION
Number of Pages xi, 252 p. :
Other physical details ill.
650 17 - SUBJECT ADDED ENTRY--TOPICAL TERM
Topical Term Filmkunst.
Topical Term Filmregisseurs.
856 40 - ELECTRONIC LOCATION AND ACCESS
Uniform Resource Identifier http://site.ebrary.com/lib/rucke/Doc?id=10310818

No items available.

© 2026 Rongo University
Contact us: librarian | system librarian | Rongo university